000 00685nam a22002297a 4500
999 _c9260
_d9260
001 9260
003 BD-JhCC
005 20180312123154.0
008 180312b1961 bg ||||| |||| 00| 0 ben d
035 _a(BD-JhCC)9260
040 _aBD-JhCC
_dBD-JhCC
041 _aben
082 _a523.1
_bJIM 1961
100 _aজিম, হার্বার্ট এস
245 _aমহাবিশ্বের পরিচয় /
_cহার্বার্ট এস জিম
260 _aঢাকা :
_bওসমানিয়া বুক ডিপো
_c1961.
300 _a62 p. :
_c20 cm.
650 _aAstronomy
650 _aCosmology
942 _2ddc
_cBK